[Event "ROM-ch"]
[Site "Predeal"]
[Date "1988.??.??"]
[Round "11"]
[White "Ghinda, Mihail Viorel"]
[Black "Nicolaide, Valeriu"]
[Result "1-0"]
[WhiteElo "2455"]
[BlackElo "2355"]
[PlyCount "117"]
[EventDate "1988.??.??"]
[EventType "tourn"]
[EventRounds "16"]
[EventCountry "ROU"]
[EventCategory "7"]
[SourceTitle "EXT 1997"]
[Source "ChessBase"]
[SourceDate "1996.11.15"]
[SourceVersion "1"]
[SourceVersionDate "1996.11.15"]
[SourceQuality "1"]

1. e4 c6 2. c4 e5 3. Nf3 d6 4. d4 Nd7 5. Nc3 Be7 6. Be2 Ngf6 7. 0-0 0-0 8. d5 cxd5 9. cxd5 Nc5 10. Qc2 a5 11. Be3 b6 12. h3 Ne8 13. a3 f5 14. b4 Nxe4 15. Nxe4 fxe4 16. Nd2 Bg5 17. Nxe4 Bxe3 18. fxe3 Bf5 19. Bg4 Bxg4 20. Rxf8+ Kxf8 21. hxg4 Kg8 22. Rc1 axb4 23. axb4 h6 24. Qf2 Qd7 25. g5 Qg4 26. Qf3 Qxf3 27. gxf3 hxg5 28. Rc6 Ra3 29. Kf2 g4 30. fxg4 b5 31. g5 Rb3 32. Nxd6 Nxd6 33. Rxd6 Rxb4 34. g6 Kf8 35. Re6 Rc4 36. Rxe5 Rc5 37. e4 b4 38. Ke3 b3 39. Rf5+ Ke8 40. Rf2 Rb5 41. Rb2 Ke7 42. Kd3 Rb4 43. e5 Kd7 44. Kc3 Re4 45. Rxb3 Rxe5 46. Kd4 Rg5 47. Rb7+ Kd6 48. Rb6+ Kc7 49. Kc5 Rg1 50. d6+ Kd7 51. Rb7+ Ke6 52. Re7+ Kf6 53. Re4 Rc1+ 54. Kd5 Rh1 55. Rf4+ Kxg6 56. d7 Rh8 57. Ke6 Kg5 58. Rf1 g6 59. Rg1+ 1-0

[Event "ROM-ch"]
[Site "Predeal"]
[Date "1988.??.??"]
[Round "9"]
[White "Negulescu, Adrian"]
[Black "Nicolaide, Valeriu"]
[Result "1-0"]
[WhiteElo "2430"]
[BlackElo "2355"]
[PlyCount "93"]
[EventDate "1988.??.??"]
[EventType "tourn"]
[EventRounds "16"]
[EventCountry "ROU"]
[EventCategory "7"]
[SourceTitle "EXT 1997"]
[Source "ChessBase"]
[SourceDate "1996.11.15"]
[SourceVersion "1"]
[SourceVersionDate "1996.11.15"]
[SourceQuality "1"]

1. c4 e5 2. Nc3 d6 3. Nf3 f5 4. d4 e4 5. Ng5 Be7 6. Nh3 Nf6 7. g3 Nc6 8. Nf4 0-0 9. Bg2 Qe8 10. 0-0 Qf7 11. b3 Bd7 12. f3 exf3 13. exf3 Rae8 14. Nb5 Bd8 15. d5 Ne5 16. Nd4 Kh8 17. Nfe6 Rg8 18. f4 Neg4 19. Qd3 c5 20. Nxf5 Bxe6 21. dxe6 Rxe6 22. h3 Nh6 23. Nxh6 gxh6 24. Bb2 Qe8 25. Kf2 Qh5 26. Rae1 Rxe1 27. Rxe1 Re8 28. Qxd6 Kg7 29. Qd7+ Kf8 30. Rxe8+ Qxe8 31. Qxe8+ Nxe8 32. Bxb7 Nd6 33. Bd5 Ne8 34. Be5 Bf6 35. Kf3 h5 36. Bc6 Bxe5 37. Bxe8 Bc3 38. Bxh5 Kg7 39. g4 Bd2 40. g5 Bc1 41. Be8 Bd2 42. h4 Be1 43. Kg4 Bf2 44. f5 Bd4 45. Bc6 a5 46. f6+ Kg8 47. Kf5 1-0

[Event "ROM-ch"]
[Site "Predeal"]
[Date "1988.??.??"]
[Round "17"]
[White "Nicolaide, Valeriu"]
[Black "Foisor, Ovidiu Doru"]
[Result "0-1"]
[WhiteElo "2355"]
[BlackElo "2475"]
[PlyCount "48"]
[EventDate "1988.??.??"]
[EventType "tourn"]
[EventRounds "16"]
[EventCountry "ROU"]
[EventCategory "7"]
[SourceTitle "EXT 1997"]
[Source "ChessBase"]
[SourceDate "1996.11.15"]
[SourceVersion "1"]
[SourceVersionDate "1996.11.15"]
[SourceQuality "1"]

1. d4 Nf6 2. c4 e6 3. Nc3 Bb4 4. e3 b6 5. Bd3 Bb7 6. Nf3 Ne4 7. Qc2 f5 8. 0-0 Bxc3 9. bxc3 0-0 10. Nd2 Qh4 11. Ba3 Nxd2 12. Qxd2 Rf6 13. f3 Rh6 14. g3 Qg5 15. c5 Nc6 16. Rae1 Ne7 17. Qc2 Qf6 18. Re2 Bc6 19. e4 f4 20. gxf4 Ng6 21. e5 Qh4 22. f5 Nf4 23. Re4 exf5 24. Ree1 Nxd3 0-1

[Event "ROM-ch"]
[Site "Predeal"]
[Date "1988.??.??"]
[Round "8"]
[White "Nicolaide, Valeriu"]
[Black "Grunberg, Sergiu Henric"]
[Result "1/2-1/2"]
[WhiteElo "2355"]
[BlackElo "2355"]
[PlyCount "66"]
[EventDate "1988.??.??"]
[EventType "tourn"]
[EventRounds "16"]
[EventCountry "ROU"]
[EventCategory "7"]
[SourceTitle "EXT 1997"]
[Source "ChessBase"]
[SourceDate "1996.11.15"]
[SourceVersion "1"]
[SourceVersionDate "1996.11.15"]
[SourceQuality "1"]

1. d4 f5 2. c4 Nf6 3. g3 g6 4. Bg2 Bg7 5. Nc3 c6 6. Nh3 d6 7. d5 cxd5 8. cxd5 Na6 9. 0-0 0-0 10. Be3 Bd7 11. Nf4 Nc5 12. Rc1 a5 13. Bxc5 dxc5 14. Ne6 Bxe6 15. dxe6 Rb8 16. Qb3 Qd4 17. Nb5 Qe5 18. Rc2 f4 19. gxf4 Qxf4 20. Rxc5 Ne4 21. Bxe4 Qxe4 22. Qc4 Qxc4 23. Rxc4 Bxb2 24. Rc7 Rf5 25. a4 Bf6 26. f4 g5 27. e4 Rxf4 28. Rxf4 gxf4 29. e5 Bxe5 30. Rxe7 f3 31. Kf2 Rf8 32. Rxb7 Bxh2 33. e7 Re8 1/2-1/2

[Event "ROM-ch"]
[Site "Predeal"]
[Date "1988.??.??"]
[Round "13"]
[White "Nicolaide, Valeriu"]
[Black "Marin, Mihail"]
[Result "0-1"]
[WhiteElo "2355"]
[BlackElo "2480"]
[PlyCount "122"]
[EventDate "1988.??.??"]
[EventType "tourn"]
[EventRounds "16"]
[EventCountry "ROU"]
[EventCategory "7"]
[SourceTitle "EXT 1997"]
[Source "ChessBase"]
[SourceDate "1996.11.15"]
[SourceVersion "1"]
[SourceVersionDate "1996.11.15"]
[SourceQuality "1"]

1. e4 e5 2. Nf3 Nc6 3. Bb5 a6 4. Bxc6 dxc6 5. d4 exd4 6. Qxd4 Qxd4 7. Nxd4 Bd7 8. Be3 0-0-0 9. Nc3 Bb4 10. 0-0-0 Bxc3 11. bxc3 Re8 12. Nb3 b6 13. Bd4 f6 14. f3 c5 15. Bf2 Nh6 16. g4 Nf7 17. Bg3 h5 18. h3 Rh7 19. Nd2 Reh8 20. Rhg1 Ng5 21. h4 Nh3 22. Rgf1 hxg4 23. f4 f5 24. exf5 Bxf5 25. Nc4 Rxh4 26. Bxh4 Rxh4 27. Ne3 Be4 28. f5 g3 29. f6 gxf6 30. Rxf6 g2 31. Rf8+ Kb7 32. Rg8 Nf4 33. Kd2 Rh2 34. Rg1 Rh1 35. Re1 Bc6 36. Rg4 Rh2 37. Rg1 Rh1 38. Re1 Nh3 39. Nxg2 Rh2 40. Re3 Bxg2 41. Rh4 Bc6+ 42. Kc1 Rh1+ 43. Kb2 Nf2 44. Rxh1 Nxh1 45. Re5 Nf2 46. Kc1 Ne4 47. Kb2 Nd2 48. Rg5 Ba4 49. Rg4 Bd7 50. Rf4 Be6 51. Rf6 Bd5 52. Rh6 Nc4+ 53. Kc1 Nd6 54. Kb2 Kc6 55. Rh7 Bf7 56. Rg7 Kb5 57. Rh7 c6 58. Rh4 Nc4+ 59. Kb3 Ne3+ 60. c4+ Nxc4 61. Rf4 Bd5 0-1